LEADER 00897nam a2200241 i 4500 001 991001237649707536 008 050728s2001 us a b 001 0 eng 020 $a0851156568 035 $ab13341339-39ule_inst 040 $aDip.to Studi Storici$bita 082 00$a944.2 100 1 $aAlbu, Emily$0622747 245 14$aThe Normans in their histories :$bpropaganda, myth and subversion /$cEmily Albu 260 $aRochester, N.Y. :$bBoydell Press,$c2001 300 $ax, 260 p. :$bill. ;$c25 cm 504 $aContiene bibliografia e indici 650 4$aNormanni$zFrancia$xStoria 907 $a.b13341339$b21-09-06$c03-10-05 912 $a991001237649707536 945 $aLE023 944 ALB 1 1$g1$i2023000074640$lle023$o-$pE99.23$q-$rl$s- $t0$u0$v0$w0$x0$y.i14137896$z19-10-05 996 $aNormans in their histories$91092364 997 $aUNISALENTO 998 $ale023$b27-07-05$cm$da $e-$feng$gus $h4$i0 LEADER 01974oas 2200649 a 450 001 9910692498003321 005 20250623213019.0 035 $a(OCoLC)54407297 035 $a(CONSER) 2004230141 035 $a(CKB)5470000002352460 035 $a(EXLCZ)995470000002352460 100 $a20040213a19uu9999 sa a 101 0 $aeng 135 $aurmn||||||||| 181 $ctxt$2rdacontent 182 $cc$2rdamedia 183 $acr$2rdacarrier 200 00$aDelaware crop insurance profile 210 $aRaleigh, NC $cU.S. Dept. of Agriculture, Risk Management Agency 215 $a1 online resource (volumes) 300 $aIn scope of the U.S. Government Publishing Office Cataloging and Indexing Program (C&I) and Federal Depository Library Program (FDLP). 517 1 $aDelaware state crop insurance profile 517 1 $aDelaware crop insurance state profile 606 $aCrop insurance$zDelaware$vStatistics$vPeriodicals 606 $aAssurance-re?colte$zDelaware$vStatistiques$vPe?riodiques 606 $aCrop insurance$2fast$3(OCoLC)fst00883914 607 $aDelaware$2fast$1https://id.oclc.org/worldcat/entity/E39PBJkHqPgtcDpdmQ7k9dFkDq 608 $aPeriodicals.$2fast 608 $aStatistics.$2fast 608 $aStatistics.$2lcgft 615 0$aCrop insurance 615 6$aAssurance-re?colte 615 7$aCrop insurance. 676 $a338 712 02$aUnited States.$bDepartment of Agriculture.$bRisk Management Agency. 801 0$bGPO 801 1$bGPO 801 2$bOCLCQ 801 2$bGPO 801 2$bDLC 801 2$bOCLCQ 801 2$bOCLCA 801 2$bOCLCQ 801 2$bOCLCA 801 2$bOCLCF 801 2$bOCLCQ 801 2$bGILDS 801 2$bOCLCA 801 2$bOCLCQ 801 2$bGPO 801 2$bOCLCL 801 2$bMLU 801 2$bOCLCL 906 $aDOCUMENT 912 $a9910692498003321 996 $aDelaware crop insurance profile$93137655 997 $aUNINA